Statistics for UK Gas Terminals

Click here to take the quiz!

General Stats

  • This quiz has been taken 17 times
  • The average score is 3 of 7

Answer Stats

CountyAnswer% Correct
NorfolkBacton
63%
KentIsle of Grain
50%
East YorkshireEasington
44%
AberdeenshireSt Fergus
38%
TeesideCATS
25%
CumbriaRampside
19%
PembrokeshireSouth Hook
13%

Score Distribution

Percentile by Number Answered

Percent of People with Each Score

Your Score History

You have not taken this quiz